000 00620nam a2200133Ia 4500
008 220620s9999||||xx |||||||||||||| ||und||
020 _a9782890000000
245 0 _aParameter Estimation and Uncertainty Quantification in Water Resources Modeling
546 _aEnglish[eng]
650 _awater||numerical modeling||Inverse problem||hydrogeophysics||machine learning
700 _aRenard, Philippe||Delay, Frederick||Tartakovsky, Daniel M.||Vesselinov, Velimir V.
856 _uhttps://www.frontiersin.org/research-topics/8311/parameter-estimation-and-uncertainty-quantification-in-water-resources-modeling
942 _cEB
999 _c29266
_d29266